| 000 | 01277cam a22003255a 4500 | ||
|---|---|---|---|
| 003 | EG-ScBUE | ||
| 005 | 20220518095408.0 | ||
| 008 | 120823t2013 enka f 000 0 eng d | ||
| 020 | _a9781111350581 | ||
| 020 | _a1111350582 | ||
| 040 |
_aEG-ScBUE _beng _erda _cEG-ScBUE _dEG-ScBUE |
||
| 082 | 0 | 4 |
_222 _a428.24 _bBRA |
| 100 | 1 |
_aBragger, Jeannette D., _eauthor. _936032 |
|
| 245 | 1 | 0 |
_aNow you're talking ! 3 : _bstrategies for conversation / _cJeannette D. Bragger, Janet Solberg. |
| 264 | 1 |
_aBoston, MA : _bNational Geographic Learning, _c[2013] |
|
| 264 | 4 | _cc2013 | |
| 300 |
_aix, 174 pages : _bcolor illustrations ; _c28 cm |
||
| 336 |
_2rdacontent _atext _btxt |
||
| 337 |
_2rdamedia _aunmediated _bn |
||
| 338 |
_2rdacarrier _avolume _bnc |
||
| 650 | 7 |
_936034 _aEnglish language _xSpoken English. _2BUEsh |
|
| 650 | 7 |
_919571 _aEnglish language _xConversation and phrase books. _2BUEsh |
|
| 651 | _2BUEsh | ||
| 653 |
_cJuly2014 _bHHUUEENN |
||
| 655 |
_vReading book _934232 |
||
| 700 | 1 |
_936033 _aSolberg, Janet, _eauthor. |
|
| 856 | 4 | 2 |
_3Publisher description _uhttp://www.loc.gov/catdir/enhancements/fy1215/2012947882-d.html |
| 856 | 4 | 2 |
_3Contributor biographical information _uhttp://www.loc.gov/catdir/enhancements/fy1303/2012947882-b.html |
| 942 |
_2ddc _k428.24 BRA _cBB |
||
| 999 |
_c18340 _d18312 |
||